[Event "HUN-chT2 Erkel 1617"]
[Site "Hungary"]
[Date "2017.02.12"]
[Round "8.11"]
[White "Bilku, Andras"]
[Black "Geresdi Horvath, Agoston"]
[Result "1-0"]
[WhiteElo "1604"]
[BlackElo "1356"]
[PlyCount "113"]
[EventDate "2016.09.25"]
[EventType "team-tourn"]
[EventRounds "11"]
[EventCountry "HUN"]
[SourceTitle "EXT 2021"]
[Source "ChessBase"]
[SourceDate "2020.10.23"]
[SourceVersion "1"]
[SourceVersionDate "2020.10.23"]
[SourceQuality "1"]
[WhiteTeam "Budapest Kobanya II"]
[BlackTeam "Pestszentlorinc"]
[WhiteTeamCountry "HUN"]
[BlackTeamCountry "HUN"]

1. d4 Nf6 2. c4 g6 3. Nc3 Bg7 4. e4 d6 5. Nf3 0-0 6. h3 Nbd7 7. Bg5 c5 8. d5 Re8 9. Be2 Nf8 10. 0-0 e5 11. Rb1 h6 12. Be3 g5 13. Nd2 Ng6 14. a3 Bd7 15. b4 b6 16. Qc2 Qc8 17. f3 Nh5 18. Rf2 Nhf4 19. Bf1 h5 20. Ne2 Bf6 21. Bxf4 gxf4 22. Nc3 Bh4 23. Re2 cxb4 24. axb4 a5 25. b5 Bd8 26. Na4 Nh4 27. Qc3 Kh7 28. Kf2 Rg8 29. Ke1 Ng6 30. Qa3 Qc7 31. c5 dxc5 32. Nc4 Qb8 33. Rd2 Nf8 34. Qc3 f6 35. Qd3 Be8 36. d6 Nd7 37. Qd5 Kg7 38. Qc6 Qc8 39. Rbb2 Bf7 40. Ncxb6 Qxc6 41. bxc6 Nxb6 42. Nxb6 Bxb6 43. Rxb6 a4 44. Rd1 a3 45. c7 a2 46. Ba6 Be6 47. Ra1 Kf7 48. d7 Bxd7 49. Bc4+ Ke7 50. Bxg8 Rxg8 51. Rxa2 c4 52. Rc2 c3 53. Rxc3 Rxg2 54. Rb7 Bc8 55. Rb8 Bxh3 56. c8Q Bxc8 57. Rbxc8 1-0

[Event "Budapest Art Pub Cup 3rd"]
[Site "Budapest"]
[Date "2014.01.04"]
[Round "5"]
[White "Pinter, Tamas"]
[Black "Geresdi Horvath, Agoston"]
[Result "1-0"]
[WhiteElo "1656"]
[BlackElo "1295"]
[PlyCount "51"]
[EventDate "2014.01.02"]
[EventType "swiss"]
[EventRounds "7"]
[EventCountry "HUN"]
[SourceTitle "CBM 158 Extra"]
[Source "ChessBase"]
[SourceDate "2014.02.28"]
[SourceVersion "1"]
[SourceVersionDate "2014.02.28"]
[SourceQuality "1"]

1. Nf3 d5 2. g3 Nf6 3. Bg2 Bg4 4. 0-0 c5 5. d3 Nc6 6. c3 e6 7. Bf4 Be7 8. Nbd2 0-0 9. Re1 Re8 10. Ne5 Nxe5 11. Bxe5 Qb6 12. Qb3 Nd7 13. Qxb6 Nxb6 14. h3 Bh5 15. g4 Bg6 16. a4 f6 17. Bg3 e5 18. a5 Nd7 19. Bxd5+ Bf7 20. Bxb7 Rab8 21. a6 Nb6 22. f4 exf4 23. Bxf4 Rbd8 24. Bc7 Rd7 25. Bxb6 axb6 26. Bc6 1-0